|
|
|
|
| LEADER |
00928nta a2200205 i 4500 |
| 001 |
dipl128701 |
| 005 |
20220808085640.0 |
| 008 |
220803s2011 hu om 0|| hun d |
| 040 |
|
|
|a SZTE Diploma Repozitórium
|b hun
|
| 041 |
|
|
|a hun
|
| 100 |
1 |
|
|a Laczkó Kitti
|
| 245 |
1 |
2 |
|a A munkáltatók és munkavállalók társadalombiztosítással kapcsolatos jogai és kötelezettségei
|h [elektronikus dokumentum] /
|c Kitti Laczkó
|
| 246 |
1 |
0 |
|a Laws and Liabilities of Employers and Employees in Connection with Social Security
|h [elektronikus dokumentum]
|
| 260 |
|
|
|c 2011
|
| 650 |
|
4 |
|a Jogi és igazgatási tanulmányok
|
| 650 |
|
4 |
|a Medical and health sciences
|
| 650 |
|
4 |
|a Health sciences
|
| 650 |
|
4 |
|a Health care sciences and services (including hospital administration, health care financing)
|
| 700 |
1 |
|
|a Temesvári Józsefné
|e ths
|
| 856 |
4 |
0 |
|u http://diploma.bibl.u-szeged.hu/id/eprint/128701/1/2011_laczko_kitti.pdf
|z Dokumentum-elérés
|